More light on the Dead Sea scrolls; (Record no. 96)

MARC details
000 -LEADER
fixed length control field 00665nam a22002171 4500
005 - DATE AND TIME OF LATEST TRANSACTION
control field 20260322212006.0
008 - FIXED-LENGTH DATA ELEMENTS--GENERAL INFORMATION
fixed length control field data
010 ## - LIBRARY OF CONGRESS CONTROL NUMBER
LC control number 58008133
040 ## - CATALOGING SOURCE
Original cataloging agency DLC
Transcribing agency DLC
Modifying agency DLC
050 00 - LIBRARY OF CONGRESS CALL NUMBER
Classification number BM487
Item number .B8
082 00 - DEWEY DECIMAL CLASSIFICATION NUMBER
Classification number 221.44
092 ## - LOCALLY ASSIGNED DEWEY CALL NUMBER (OCLC)
Classification number 221.44 B8 1958
001 - CONTROL NUMBER
control field data
100 1# - MAIN ENTRY--PERSONAL NAME
Personal name Burrows, Millar,
Dates associated with a name 1889-
245 10 - TITLE STATEMENT
Title More light on the Dead Sea scrolls;
Remainder of title new scrolls and new interpretations, with translations of important recent discoveries.
Statement of responsibility, etc. Millar Burrows.
260 ## - PUBLICATION, DISTRIBUTION, ETC.
Place of publication, distribution, etc. New York,
Name of publisher, distributor, etc. Viking Press,
Date of publication, distribution, etc. 1958.
300 ## - PHYSICAL DESCRIPTION
Extent xiii, 434 p.
Other physical details col. map.
Dimensions 24 cm.
504 ## - BIBLIOGRAPHY, ETC. NOTE
Bibliography, etc. note Bibliography: p. 411-424.
630 #0 - SUBJECT ADDED ENTRY--UNIFORM TITLE
Uniform title Dead Sea scrolls.
730 ## - ADDED ENTRY--UNIFORM TITLE
Uniform title Dead Sea scrolls. English.
Holdings
Withdrawn status Lost status Damaged status Not for loan Home library Current library Shelving location Date acquired Total checkouts Full call number Barcode Date last seen Price effective from Koha item type
        Fairfield Fairfield General stacks 22/03/2026   221.44 BC0010100 22/03/2026 22/03/2026 Books